[Event "Titled Tuesday intern op 25th Apr Late"]
[Site "Chess.com INT"]
[Date "2023.04.25"]
[Round "4"]
[White "Bustamante Orta, Jorge"]
[Black "Aalto, Patrik"]
[Result "0-1"]
[WhiteElo "2083"]
[BlackElo "2251"]
[PlyCount "66"]
[EventDate "2023.04.25"]
[EventType "swiss (blitz)"]
[EventRounds "11"]
[EventCountry "USA"]
[SourceTitle "EXT 2024"]
[Source "ChessBase"]
[SourceDate "2023.10.10"]
[SourceVersion "1"]
[SourceVersionDate "2023.10.10"]
[SourceQuality "1"]

1. b3 e5 2. Bb2 Nc6 3. c4 Nf6 4. e3 Be7 5. a3 0-0 6. Nf3 e4 7. Nd4 Nxd4 8. Bxd4 d5 9. cxd5 Nxd5 10. Qc2 Bf5 11. g4 Bg6 12. Nc3 Nxc3 13. Qxc3 f6 14. Be2 Bf7 15. b4 c6 16. g5 Bd5 17. Rg1 Kh8 18. h4 Rg8 19. h5 fxg5 20. h6 Bf6 21. hxg7+ Bxg7 22. 0-0-0 Qe7 23. Rg4 Bxd4 24. exd4 a5 25. b5 cxb5 26. Kb1 b4 27. axb4 axb4 28. Qg3 Ra3 29. Qe5+ Qxe5 30. dxe5 Rga8 31. Rc1 Ra1+ 32. Kc2 R8a2+ 33. Kd1 Bb3+ 0-1

[Event "Titled Tuesday intern op 25th Apr Late"]
[Site "Chess.com INT"]
[Date "2023.04.25"]
[Round "2"]
[White "Bustamante Orta, Jorge"]
[Black "Firouzja, Alireza"]
[Result "0-1"]
[WhiteElo "2083"]
[BlackElo "2785"]
[PlyCount "36"]
[EventDate "2023.04.25"]
[EventType "swiss (blitz)"]
[EventRounds "11"]
[EventCountry "USA"]
[SourceTitle "EXT 2024"]
[Source "ChessBase"]
[SourceDate "2023.10.10"]
[SourceVersion "1"]
[SourceVersionDate "2023.10.10"]
[SourceQuality "1"]

1. b3 e5 2. Bb2 Nc6 3. c4 Nge7 4. e3 Ng6 5. Nf3 Be7 6. d4 Bb4+ 7. Nc3 d6 8. a3 Bxc3+ 9. Bxc3 e4 10. Nd2 f5 11. g4 0-0 12. Qc2 Qh4 13. Be2 fxg4 14. Nxe4 Bf5 15. Rf1 g3 16. Bd3 gxf2+ 17. Qxf2 Bxe4 18. Qxh4 Rxf1+ 0-1

[Event "Titled Tuesday intern op 25th Apr Late"]
[Site "Chess.com INT"]
[Date "2023.04.25"]
[Round "3"]
[White "Wafa, Hamed"]
[Black "Bustamante Orta, Jorge"]
[Result "0-1"]
[WhiteElo "2042"]
[BlackElo "2083"]
[PlyCount "78"]
[EventDate "2023.04.25"]
[EventType "swiss (blitz)"]
[EventRounds "11"]
[EventCountry "USA"]
[SourceTitle "EXT 2024"]
[Source "ChessBase"]
[SourceDate "2023.10.10"]
[SourceVersion "1"]
[SourceVersionDate "2023.10.10"]
[SourceQuality "1"]

1. e4 c6 2. d4 d5 3. e5 Bf5 4. h4 h5 5. Bd3 Bxd3 6. Qxd3 Qa5+ 7. Nd2 Qa6 8. e6 Qxd3 9. exf7+ Kxf7 10. cxd3 Nd7 11. Nh3 e5 12. Ng5+ Kg6 13. dxe5 Nxe5 14. d4 Nd3+ 15. Kf1 Re8 16. Ndf3 Nf6 17. Bd2 Ng4 18. Nh3 Bd6 19. Bc3 Rhf8 20. Rd1 Nf4 21. Nxf4+ Bxf4 22. Re1 Re4 23. a4 b6 24. a5 c5 25. axb6 axb6 26. dxc5 bxc5 27. Rh3 Rxe1+ 28. Kxe1 d4 29. Bd2 Bxd2+ 30. Nxd2 Rxf2 31. Rb3 Rxg2 32. Ne4 c4 33. Rb6+ Kf5 34. Nd6+ Kf4 35. Nxc4 Ne3 36. Nd2 d3 37. Rb4+ Kf5 38. Rb5+ Kg6 39. Ne4 Re2# 0-1

[Event "Mexican op 64th"]
[Site "Aguascalientes"]
[Date "2018.03.28"]
[Round "2"]
[White "Alvarez Pedraza, Aramis"]
[Black "Bustamante Orta, Jorge"]
[Result "1/2-1/2"]
[WhiteElo "2470"]
[BlackElo "2149"]
[PlyCount "88"]
[EventDate "2018.03.27"]
[EventType "swiss"]
[EventRounds "9"]
[EventCountry "MEX"]
[SourceTitle "EXT 2019"]
[Source "ChessBase"]
[SourceDate "2018.10.10"]
[SourceVersion "1"]
[SourceVersionDate "2018.10.10"]
[SourceQuality "1"]

1. d4 d5 2. c4 dxc4 3. Nf3 Nf6 4. e3 e6 5. Bxc4 c5 6. 0-0 a6 7. b3 b6 8. Bb2 Bb7 9. Qe2 Nc6 10. Rd1 b5 11. dxc5 Qc7 12. Bd3 Bxc5 13. Nbd2 Nb4 14. Bb1 Rd8 15. Rc1 Qb6 16. a3 Nc6 17. Bxf6 gxf6 18. Ne4 Be7 19. Qb2 Ne5 20. Nxe5 fxe5 21. Qxe5 Rg8 22. Qh5 Rg7 23. Bc2 Rd5 24. Qh6 Kf8 25. h4 Qd8 26. Rd1 Bxh4 27. Rxd5 Bxd5 28. Rd1 Be7 29. Ng3 Bg5 30. Qh3 Qc7 31. Be4 Bxb3 32. Rb1 Ba2 33. Ra1 Bc4 34. f4 Bxf4 35. Nh5 Qe5 36. Rd1 Qxe4 37. Rd8+ Ke7 38. Rd7+ Kf8 39. Rd8+ Ke7 40. Rd7+ Kf8 41. Rd8+ Ke7 42. Re8+ Kd6 43. Nxf4 Kc7 44. Nh5 Qe5 1/2-1/2

[Event "World op 42nd"]
[Site "Arlington"]
[Date "2014.07.04"]
[Round "5"]
[White "Balakrishnan, Praveen"]
[Black "Bustamante Orta, Jorge"]
[Result "1/2-1/2"]
[WhiteElo "2151"]
[BlackElo "2207"]
[PlyCount "93"]
[EventDate "2014.07.02"]
[EventType "swiss"]
[EventRounds "9"]
[EventCountry "USA"]
[SourceTitle "CBM 161 Extra"]
[Source "ChessBase"]
[SourceDate "2014.08.29"]
[SourceVersion "1"]
[SourceVersionDate "2014.08.29"]
[SourceQuality "1"]

1. e4 c6 2. d4 d5 3. exd5 cxd5 4. c4 Nf6 5. Nc3 Nc6 6. Bg5 Ne4 7. Nxe4 dxe4 8. d5 Ne5 9. Qd4 f6 10. Bf4 Ng4 11. Qxe4 Qa5+ 12. Bd2 Qb6 13. Nh3 Qxb2 14. Rd1 Qe5 15. Qxe5 Nxe5 16. f4 Ng4 17. Nf2 Nxf2 18. Kxf2 e6 19. Be3 exd5 20. cxd5 Bd6 21. Bb5+ Kf7 22. a4 Bf5 23. Bd3 Bxd3 24. Rxd3 Rhc8 25. a5 Bc5 26. Rb1 Rab8 27. d6 Bxe3+ 28. Rxe3 Re8 29. Reb3 b6 30. axb6 Rxb6 31. Rxb6 axb6 32. Rxb6 f5 33. Rb7+ Kf6 34. d7 Rd8 35. Ke3 Ke6 36. Kd4 g6 37. Kc5 Rxd7 38. Rxd7 Kxd7 39. Kd5 Ke7 40. Ke5 Kf7 41. Kd6 Kf6 42. h3 h6 43. h4 g5 44. g3 Kg6 45. Ke6 g4 46. Ke5 Kh5 47. Kxf5 1/2-1/2